Tržní moc a relevantní trhy.
Význam určenia relevantného trhu pre zistenie postavenia podniku na trhu, t.j. jeho trhovej moci. Vymedzenie relevantného trhu určitým druhom tovaru, s ktorým sa obchoduje v určitom priestore a čase. Vecné, priestorové a časové vymedzenie relevantného trhu. Význam vymedzenia relevantného trhu pre Zá...
Gespeichert in:
| 1. Verfasser: | |
|---|---|
| Weitere Verfasser: | |
| Format: | Buchkapitel |
| Sprache: | Tschechisch |
| Schlagworte: | |
| Tags: |
Keine Tags, Fügen Sie das erste Tag hinzu!
|
MARC
| LEADER | 00000naa a2200000 4500 | ||
|---|---|---|---|
| 001 | r005501 | ||
| 005 | 20221125080721.6 | ||
| 041 | 0 | |a cze | |
| 044 | |a [CS] | ||
| 245 | 1 | 0 | |a Tržní moc a relevantní trhy. |c E. Bočinská, M. Šolín |
| 520 | |a Význam určenia relevantného trhu pre zistenie postavenia podniku na trhu, t.j. jeho trhovej moci. Vymedzenie relevantného trhu určitým druhom tovaru, s ktorým sa obchoduje v určitom priestore a čase. Vecné, priestorové a časové vymedzenie relevantného trhu. Význam vymedzenia relevantného trhu pre Zákon o ochrane hospodárskej súťaže v ČSFR. | ||
| 610 | 2 | 0 | |a trh |
| 610 | 2 | 0 | |a politika protimonopolná |
| 610 | 2 | 0 | |a konkurencia |
| 610 | 2 | 0 | |a ČSFR |
| 610 | 2 | 0 | |a zákony |
| 610 | 2 | 0 | |a súťaž nekalá |
| 100 | 1 | |a Bočinská, E. | |
| 700 | 1 | |a Šolín, M. | |